000 00714cam a2200253 a 4500
020 _a0312120877
020 _a9780312120870
020 _a0852552211
020 _a9780852552216
020 _a0852552203
020 _a9780852552209
040 _cDLC
082 0 0 _a338 TUL 2002 C165 Or.
245 0 0 _aAfrican perspectives on development :
_bcontroversies, dilemmas & openings /
300 _axi, 342 pages :
_billustrations, map ;
_c25 cm
650 0 _aEconomic development
650 0 _aEconomic development
650 4 _aAfrica-economic development
650 4 _aAfrica-economic policy
700 1 _aHimmelstrand, Ulf
700 1 _aKinyanjui, Kabiru
700 1 _aMburugu, E. K
942 _cAEDBB
999 _c19327
_d19327